000 00880nam a2200253 i 4500
001 141231
003 ES-MaACL
005 20230906200242.0
007 t|
008 070920s1980 sp ||||1| spa d
020 _a84-259-0634-2
080 _a351
100 1 _aVillar Ezcurra, José Luis.
_9115086
245 1 0 _aServicio público y técnicas de conexión /
_cJosé Luis Ezcurra ; prólogo de José Luis Villar Palasí.
260 _aMadrid :
_bCentro de Estudios Constitucionales,
_c1980.
300 _a334 p. ;
_c21 cm.
490 1 _aEstudios de Administración ;
_v41
650 1 4 _aServicios públicos-
_zEspaña.
_917067
700 1 _aVillar Palasí, José Luis.
_9115097
710 2 _aCentro de Estudios Constitucionales (España)
_92618
830 0 _aEstudios de Administración ;
_v41
_9183321
852 _aES-MaACL
_jA-10886
_bR.100264
999 _c141231
_d141231